Sports Quiz

Random Sports or NFL Quiz

NFL Top 100 Players of 2015 Quiz Stats

Quiz not verified by Sporcle

Challenge
Share
Tweet
Embed
Score 0/100 Timer 08:00
0 Plays Today
Rank Player % Correct
2Aaron Rodgers
98.9%
5Peyton Manning
98.9%
3Tom Brady
98.6%
7Andrew Luck
98.4%
1J.J. Watt
98.1%
6Calvin Johnson
97.8%
9Marshawn Lynch
97.5%
11Richard Sherman
97.3%
15Dez Bryant
97.3%
13Julio Jones
97%
22Russell Wilson
97%
28Gerald McCoy
96.7%
29LeSean McCoy
96.7%
10Rob Gronkowski
96.4%
19Patrick Peterson
96.2%
30Drew Brees
96.2%
34Tony Romo
96.2%
62Adrian Peterson
96.2%
12Jamaal Charles
95.9%
21Earl Thomas
95.9%
20Demaryius Thomas
95.6%
25Joe Thomas
95.6%
45Julius Thomas
95.6%
8Antonio Brown
95.4%
17Darrelle Revis
94.8%
18Jordy Nelson
94.8%
32Odell Beckham
94.3%
43Philip Rivers
94.3%
4DeMarco Murray
93.7%
37A.J. Green
93.7%
16Le'Veon Bell
92.6%
31Jimmy Graham
91.8%
26Ben Roethlisberger
91.3%
35T.Y. Hilton
91%
Rank Player % Correct
36Tyron Smith
90.7%
48Matt Forte
90.7%
50DeSean Jackson
90.7%
54Steve Smith
90.7%
52Antonio Gates
90.2%
60Eddie Lacy
89.6%
72Kyle Williams
89.6%
77Matt Ryan
89.6%
24Ndamukong Suh
89.3%
42Mario Williams
89.1%
47Trent Williams
88.8%
14Luke Kuechly
88%
97Joe Flacco
87.7%
33Von Miller
87.4%
68Larry Fitzgerald
87.4%
73Cam Newton
87.2%
51Clay Matthews
86.9%
80Arian Foster
85.8%
23Joe Haden
84.4%
100Randall Cobb
83.6%
93Jason Witten
81.1%
84Terrell Suggs
80.9%
41Kam Chancellor
80.3%
40Jason Peters
79.5%
27Justin Houston
78.1%
57Brandon Marshall
78.1%
65Justin Forsett
77.3%
95Emmanuel Sanders
76.2%
89Greg Olsen
75.7%
85Golden Tate
75.4%
75Mike Evans
74.3%
91Julian Edelman
71.6%
81Darren Sproles
71.3%
39Cameron Wake
71%
Rank Player % Correct
88Glover Quin
70.5%
83Maurkice Pouncey
68%
98Adam Vinatieri
66.1%
74Muhammad Wilkerson
65.8%
44Robert Quinn
65.6%
61Jeremy Maclin
65.6%
49Khalil Mack
63.7%
59Vontae Davis
63.7%
70Tamba Hali
62.8%
86Eric Weddle
62.6%
38Brent Grimes
59%
55Sheldon Richardson
57.9%
90Michael Bennett
57.4%
87DeMarcus Ware
56.6%
53Marcell Dareus
55.7%
82Haloti Ngata
54.9%
46Elvis Dumervil
54.1%
56Lavonte David
54.1%
69Bobby Wagner
53.8%
64Charles Woodson
51.6%
92Aaron Donald
47.3%
99Calais Campbell
46.4%
79Marshal Yanda
46.2%
66DeAndre Levy
43.2%
78Ryan Kerrigan
43.2%
71Julius Peppers
42.3%
94C.J. Mosley
39.3%
58Connor Barwin
36.9%
63Jerry Hughes
30.1%
67Tashaun Gipson
29.5%
76Sen'Derrick Marks
23.2%
96Jurrell Casey
23%

You're not logged in!

Compare scores with friends on all Sporcle quizzes.
Sign Up with Email
OR
Log In

You Might Also Like...

Show Comments

Extras

Top Quizzes Today


Score Distribution

Your Account Isn't Verified!

In order to create a playlist on Sporcle, you need to verify the email address you used during registration. Go to your Sporcle Settings to finish the process.